| 000 | 00341nam a2200121Ia 4500 | ||
|---|---|---|---|
| 008 | 210430s9999 xx 000 0 und d | ||
| 082 | _a150.1 K391 F | ||
| 100 | _aFred N. Kerlinger | ||
| 245 |
_aFoundations of Behavioral Research _cFred N. Kerlinger |
||
| 260 |
_aIslamabad _bfread N. Kerlinger _c2010 |
||
| 300 | _a739p | ||
| 942 |
_cBK _2ddc |
||
| 999 |
_c563312 _d563312 |
||